| 000 | 00674nam a2200121Ia 4500 | ||
|---|---|---|---|
| 008 | 220620s9999||||xx |||||||||||||| ||und|| | ||
| 245 | 4 |
_aThe Climate Crisis _bSouth African and Global Democratic Eco-Socialist Alternatives |
|
| 546 | _aEnglish[eng] | ||
| 650 | _aClimate change||Capitalism||Democracy||South Africa | ||
| 700 | _aSatgar, Vishwas | ||
| 856 | _uhttps://library.oapen.org/bitstream/20.500.12657/29462/1/9781776143306.pdf||https://library.oapen.org/bitstream/20.500.12657/29462/1/9781776143306.pdf||https://library.oapen.org/bitstream/20.500.12657/29462/1/9781776143306.pdf||https://library.oapen.org/bitstream/20.500.12657/29462/1/9781776143306.pdf | ||
| 942 | _cEB | ||
| 999 |
_c31286 _d31286 |
||